000 00608nam a22002057a 4500
003 OSt
005 20140310181709.0
008 121206t xxu||||| |||| 00| 0 eng d
020 _a9716300727
050 _aQL 556.A3P5
_b.B933 1999
082 _aFIL 570.9
_2B87 1994
100 _aPaterno, Maria Elena
245 _aA First look at Philippine butterflies /
_cby Maria Elena Paterno ; pictures by Crispin Dayao, Jr.
260 _aManila :
_bTahanan Books for Young Readers,
_cc1999.
300 _a24 p. :
_bill. ;
_c20 cm.
526 _c730L-850L
562 _e1
942 _2lcc
_cBK
999 _c1474
_d1474